Népirtások a 20. században az ismeretterjesztés egy példája - Bozzay Zoltán: Népirtások a XX. században /

Elmentve itt :
Bibliográfiai részletek
Szerző: Zsiga Nikoletta Evelin
További közreműködők: Bozzay Zoltán
Dokumentumtípus: Cikk
Megjelent: 2023
Sorozat:Aetas 38 No. 3
Kulcsszavak:Népirtás - 20. sz. - könyvismertetés
Tárgyszavak:
doi:10.14232/aetas.2023.3.188-191

Online Access:http://acta.bibl.u-szeged.hu/84573
LEADER 00873nab a2200229 i 4500
001 acta84573
005 20240318085616.0
008 240318s2023 hu o 0|| hun d
022 |a 0237-7934 
024 7 |a 10.14232/aetas.2023.3.188-191  |2 doi 
040 |a SZTE Egyetemi Kiadványok Repozitórium  |b hun 
041 |a hun 
100 1 |a Zsiga Nikoletta Evelin 
245 1 0 |a Népirtások a 20. században   |h [elektronikus dokumentum] :  |b az ismeretterjesztés egy példája - Bozzay Zoltán: Népirtások a XX. században /  |c  Zsiga Nikoletta Evelin 
260 |c 2023 
300 |a 188-191 
490 0 |a Aetas  |v 38 No. 3 
650 4 |a Bölcsészettudományok 
650 4 |a Történettudomány és régészet 
695 |a Népirtás - 20. sz. - könyvismertetés 
700 0 1 |a Bozzay Zoltán 
856 4 0 |u http://acta.bibl.u-szeged.hu/84573/1/aetas_2023_003_188-191.pdf  |z Dokumentum-elérés